[Event "German Bundesliga 2021-22"]
[Site "Germany"]
[Date "2022.04.10"]
[Round "4.1"]
[White "Postny, Evgeny"]
[Black "Moiseenko, Alexander"]
[Result "1/2-1/2"]
[WhiteElo "2567"]
[BlackElo "2602"]
[Annotator "TA"]
[PlyCount "79"]
[EventDate "2022.03.05"]
[EventType "team-tourn"]
[EventCountry "GER"]
[SourceTitle "playchess.com"]
[Source "ChessBase"]
[SourceQuality "1"]
[TimeControl "40/5400+30:1800+30"]

{[%evp 9,79,0,0,0,0,0,0,0,4,0,0,-7,-7,-8,-7,-6,-9,-7,16,-11,31,0,0,-7,-10,-11,-6,-16,0,0,0,0,0,0,0,0,0,-24,0,0,0,0,0,0,0,0,0,0,0,0,0,0,0,0,0,0,-2,-49,0,0,0,0,0,0,0,0,0,0,0,0,0,0]} 1. d4 {[%emt 0:00:00]} d5 {[%emt 0:00:00]} 2. c4 {[%emt 0:00:00]} dxc4 {[%emt 0:00:00]} 3. e3 {[%emt 0:00:00]} e5 {[%emt 0:00:00][%cal Be7e5,Be5d4][%mdl 32]} 4. Bxc4 {[%emt 0:00:00]} exd4 {[%emt 0:00:00]} 5. Nf3 {[%emt 0:00:02]} Bb4+ {[%emt 0:00:00]} 6. Bd2 {[%emt 0:01:23] D20: Queen's Gambit Accepted: 3 e3 and 3 e4.} Bxd2+ {[%emt 0:00:00]} 7. Qxd2 {[%emt 0:00:13]} ({Much worse is} 7. Kxd2 dxe3+ 8. Ke2 Qf6 $17) 7... Nc6 {[%emt 0:03:29][%cal Bb8c6,Bc6e7,Be7g6][%mdl 32]} 8. O-O {[%emt 0:06:53][%cal Re3d4]} Nf6 {[%emt 0:02:51]} 9. exd4 {[%emt 0:02:45]} O-O {[%emt 0:00:57]} 10. d5 {[%emt 0:09:25]} Ne7 {[%emt 0:01:56][%cal Re7d5]} 11. Nc3 {[%emt 0:00:48]} a6 {[%emt 0:01:54]} 12. Bb3 {[%emt 0:10:34]} Qd6 {[%emt 0:07:22]} 13. Rfe1 {[%emt 0:02:11]} Ng6 {[%emt 0:00:58]} 14. h3 {[%emt 0:07:41] [#]} h6 $146 {[%emt 0:06:44]} ({Predecessor:} 14... Bd7 15. Ng5 Bf5 16. Nf3 Rad8 17. Rad1 h6 18. Qc1 Kh8 19. Nd4 Bc8 20. Nf3 Rfe8 21. Rxe8+ Rxe8 {½-½ (31) Lu,A (2323)-Huang,A (2178) Manchester 2017}) 15. Rac1 {[%emt 0:10:19]} Bd7 {[%emt 0:06:41]} 16. Bc2 {[%emt 0:04:50]} Rfe8 {[%emt 0:02:06]} 17. Bxg6 {[%emt 0:03:35]} fxg6 {[%emt 0:00:23]} 18. Qd4 {[%emt 0:01:44]} Rxe1+ {[%emt 0:02:21]} 19. Rxe1 {[%emt 0:00:04]} Re8 {[%emt 0:00:10]} 20. Ne4 {[%emt 0:18:53]} Nxe4 {[%emt 0:05:01]} 21. Rxe4 {[%emt 0:02:01]} Rxe4 {[%emt 0:03:03]} 22. Qxe4 {[%emt 0:00:04]} Bf5 {[%emt 0:02:26]} 23. Qd4 {[%emt 0:02:50]} Bb1 {[%emt 0:04:40]} 24. b3 $1 {[%emt 0:02:21]} Bf5 {[%emt 0:04:43]} (24... Bxa2 $2 25. Qb2 $18) 25. g4 {[%emt 0:02:55]} Bc8 {[%emt 0:06:41]} 26. Qe4 {[%emt 0:01:15]} g5 {[%emt 0:04:00]} 27. Ne5 {[%emt 0:04:58]} Qe7 {[%emt 0:06:32]} 28. Qd4 {[%emt 0:00:35]} b6 {[%emt 0:02:22]} 29. Nc6 {[%emt 0:01:11]} Qe8 {[%emt 0:04:39]} 30. Qc4 {[%emt 0:01:08] [#] d6+ is the strong threat.} Kh8 {[%emt 0:04:11]} 31. Kf1 {[%emt 0:00:40]} Bb7 {[%emt 0:02:58]} 32. a4 {[%emt 0:00:42]} a5 {[%emt 0:00:32]} 33. Qc2 {[%emt 0:01:35]} (33. f3 $11 {deserves consideration.}) 33... Ba6+ {[%emt 0:00:57]} (33... Bxc6 $15 34. dxc6 Qe6) 34. Kg2 $11 {[%emt 0:00:14] The position is equal.} Qe1 {[%emt 0:05:22] [#] White must now prevent ...Qf1+.} 35. Qf5 {[%emt 0:00:24]} Bf1+ {[%emt 0:01:49]} 36. Kh2 {[%emt 0:00:22] Threatens to win with Qf8+.} Qc3 {[%emt 0:01:05][%csl LRb3,LRh3]} 37. Qf8+ {[%emt 0:01:35]} Kh7 {[%emt 0:00:04]} 38. Qf5+ {[%emt 0:00:06]} Kh8 {[%emt 0:00:38]} 39. Qf8+ {[%emt 0:02:44]} Kh7 {[%emt 0:00:06]} 40. Qf5+ {[%emt 0:00:41] An interesting draw.  Weighted Error Value: White=0.05 (flawless) /Black=0.05 (flawless)} 1/2-1/2

[Event "German Bundesliga 2021-22"]
[Site "Germany"]
[Date "2022.04.10"]
[Round "4.1"]
[White "Stern, Rene"]
[Black "Svane, Rasmus"]
[Result "0-1"]
[WhiteElo "2510"]
[BlackElo "2637"]
[Annotator "TA"]
[PlyCount "58"]
[EventDate "2022.03.05"]
[EventType "team-tourn"]
[EventCountry "GER"]
[SourceTitle "playchess.com"]
[Source "ChessBase"]
[SourceQuality "1"]
[TimeControl "40/5400+30:1800+30"]

{[%evp 16,58,0,0,37,29,45,39,47,6,11,22,12,0,0,0,0,0,0,-22,0,-17,-8,-93,-3,-459,-462,-459,-454,-418,-436,-608,-589,-788,-781,-736,-306,-29980,-29981,-8134,-5297,-4154,-2322,-29991,-29992]} 1. Nf3 {[%emt 0:00:00]} Nf6 {[%emt 0:00:00]} 2. c4 {[%emt 0:00:00]} c5 {[%emt 0:00:00]} 3. Nc3 {[%emt 0:00:00]} Nc6 {[%emt 0:00:00]} 4. d4 {[%emt 0:00:00]} cxd4 {[%emt 0:00:00]} 5. Nxd4 {[%emt 0:00:00]} e6 {[%emt 0:00:00]} 6. e4 {[%emt 0:00:00]} Bb4 {[%emt 0:00:00]} 7. Nxc6 {[%emt 0:00:00]} bxc6 {[%emt 0:00:00]} 8. Bd3 {[%emt 0:00:00]} e5 {[%emt 0:02:54]} 9. O-O {[%emt 0:00:00]} Bc5 {[%emt 0:10:40] B44: Sicilian: Taimanov: 5 Nb5.} 10. Re1 {[%emt 0:00:00]} d6 {[%emt 0:05:34]} 11. Be3 {[%emt 0:01:43] [#]} O-O $5 $146 {[%emt 0:07:04][%mdl 8] White is slightly better. An interesting novelty.} ({Predecessor:} 11... Bxe3 12. Rxe3 Rb8 13. Qd2 O-O 14. Be2 Ne8 15. c5 Qe7 16. cxd6 Nxd6 17. Rd1 Nb7 {½-½ (75) Cernousek,L (2442)-Piorun,K (2611) Prague 2020}) 12. Na4 {[%emt 0:10:27]} Bxe3 {[%emt 0:16:02]} 13. Rxe3 {[%emt 0:00:06]} Qe7 {[%emt 0:06:32]} 14. Qe2 {[%emt 0:31:02]} Bg4 {[%emt 0:07:41]} 15. f3 {[%emt 0:00:39]} Be6 {[%emt 0:00:55]} 16. c5 {[%emt 0:00:29]} Rfd8 {[%emt 0:04:55][%cal Bf8d8,Bd8d6,Bd6d4][%mdl 32]} 17. cxd6 {[%emt 0:08:24]} Rxd6 {[%emt 0:02:45]} 18. b3 {[%emt 0:27:56]} Rad8 {[%emt 0:03:02] Threatens to win with ...Nh5.} 19. g3 {[%emt 0:01:42]} (19. Nb2 $1 $11) 19... Nh5 {[%emt 0:06:55]} ({Black should try} 19... h5 $17) 20. Kh1 $2 {[%emt 0:01:58][%mdl 8192] [#] Loses the game.} (20. Nb2 $11 {and White is okay.}) 20... Nf4 $1 $19 {[%emt 0:05:05][%mdl 512]} 21. gxf4 {[%emt 0:00:06]} exf4 {[%emt 0:00:05]} 22. e5 {[%emt 0:00:22]} Rd4 {[%emt 0:00:59]} 23. Bxh7+ {[%emt 0:00:49]} Kxh7 {[%emt 0:00:09]} 24. Qc2+ {[%emt 0:01:26]} g6 {[%emt 0:02:46]} 25. Re2 {[%emt 0:00:05]} Bf5 {[%emt 0:02:49]} (25... Bd5 $142 26. Rf2 Qh4) 26. Qxc6 {[%emt 0:10:43]} (26. Qc1 $19 Bd3 27. Rf2) 26... Rd1+ {[%emt 0:01:11]} 27. Re1 {[%emt 0:00:04]} Rxa1 {[%emt 0:02:05][%mdl 64] Deflection} 28. Rxa1 {[%emt 0:00:04]} Qxe5 {[%emt 0:00:23]} 29. Qc3 {[%emt 0:00:10]} Qe2 {[%emt 0:01:07] Weighted Error Value: White=1.32/Black=0.45} 0-1

[Event "German Bundesliga 2021-22"]
[Site "Germany"]
[Date "2022.04.10"]
[Round "4.1"]
[White "Seel, Christian"]
[Black "Keymer, Vincent"]
[Result "0-1"]
[WhiteElo "2486"]
[BlackElo "2664"]
[Annotator "TA"]
[PlyCount "120"]
[EventDate "2022.03.05"]
[EventType "team-tourn"]
[EventCountry "GER"]
[SourceTitle "playchess.com"]
[Source "ChessBase"]
[SourceQuality "1"]
[TimeControl "40/5400+30:1800+30"]

{[%evp 16,120,0,5,0,0,8,12,5,6,10,0,6,10,8,6,5,3,15,1,0,0,0,0,0,0,0,0,0,0,0,0,0,0,0,0,0,0,0,0,0,0,0,0,0,0,0,0,0,0,0,0,0,-31,-31,-31,-31,-31,-31,-31,-31,-31,-31,-31,-31,-39,-31,-31,-31,-37,-32,-39,-39,-46,-46,-46,-46,-46,-46,-46,-46,-46,-46,-411,-410,-430,-416,-345,-320,-450,-401,-843,-762,-5505,-2367,-2393,-2151,-29983,-29984,-29984,-29979,-29992,-29993,-29995,-29996,-29997,-29998]} 1. Nf3 {[%emt 0:00:00]} d5 {[%emt 0:00:00]} 2. d4 {[%emt 0:00:00]} Nf6 {[%emt 0:00:00]} 3. c4 {[%emt 0:00:00]} e6 {[%emt 0:00:00]} 4. Nc3 {[%emt 0:00:00]} c6 {[%emt 0:00:00]} 5. Bg5 {[%emt 0:00:00]} h6 {[%emt 0:00:00]} 6. Bxf6 {[%emt 0:00:00]} Qxf6 {[%emt 0:00:00]} 7. Qb3 {[%emt 0:00:00]} Nd7 {[%emt 0:00:00]} 8. e4 {[%emt 0:00:00]} dxe4 {[%emt 0:00:00]} 9. Nxe4 {[%emt 0:00:00]} Qf5 {[%emt 0:00:00] D43: Semi-Slav: 5 Bg5 h6.} 10. Bd3 {[%emt 0:00:00][%cal Oe4d6] [#] Hoping for Nd6+!} Qa5+ {[%emt 0:00:00]} 11. Nc3 {[%emt 0:00:00]} e5 {[%emt 0:00:00] The position is equal.} 12. O-O {[%emt 0:00:00]} exd4 {[%emt 0:03:01]} 13. Rae1+ {[%emt 0:00:00]} Be7 {[%emt 0:00:19]} 14. Nxd4 {[%emt 0:00:00] aiming for Nf5.} Nc5 {[%emt 0:03:29][%csl LRb3,LRd3]} 15. Qd1 {[%emt 0:00:00]} Qd8 {[%emt 0:13:42]} 16. Bf5 {[%emt 0:00:00] Bxc8 is the strong threat.} O-O {[%emt 0:05:41]} 17. Bxc8 {[%emt 0:01:38]} Rxc8 {[%emt 0:00:06]} 18. Nf5 {[%emt 0:00:58]} Bg5 {[%emt 0:09:14] [#]} 19. Qf3 $146 {[%emt 0:07:54][%cal Oh2h4] Black must now prevent h4!} ({Predecessor:} 19. Nd6 Rc7 20. b4 Na6 21. a3 Rd7 22. c5 Be7 23. Qd4 b6 24. Qc4 b5 25. Qd4 Bxd6 26. cxd6 Rxd6 27. Qxa7 {½-½ (44) Ferre Perez,A (2141)-Marin Millan,J (2217) ICCF email 2018}) 19... Qd3 {[%emt 0:14:36]} 20. Ne7+ {[%emt 0:07:40]} Bxe7 {[%emt 0:00:37]} 21. Qxd3 {[%emt 0:00:05]} Nxd3 {[%emt 0:00:04]} 22. Rxe7 {[%emt 0:00:06]} Rb8 {[%emt 0:00:20]} 23. Re2 {[%emt 0:02:56]} Rfd8 {[%emt 0:07:41]} 24. Rd1 {[%emt 0:03:46] And now Red2 would win.} Nc5 {[%emt 0:00:54]} 25. Red2 {[%emt 0:09:11]} Rxd2 {[%emt 0:01:35]} 26. Rxd2 $11 {[%emt 0:00:54][%mdl 4096] Endgame KRN-KRN} a5 {[%emt 0:00:06]} 27. b3 {[%emt 0:02:16]} Re8 {[%emt 0:02:26][%cal Re8e1]} 28. Kf1 {[%emt 0:03:05] Inhibits Re1+.} g6 {[%emt 0:00:51]} 29. f3 {[%emt 0:09:26]} Kg7 {[%emt 0:04:32]} 30. Kf2 {[%emt 0:01:17]} g5 {[%emt 0:06:20]} 31. Rd4 {[%emt 0:04:58]} f5 {[%emt 0:04:10]} 32. g3 {[%emt 0:21:57]} Kf6 {[%emt 0:03:02]} 33. Rd6+ {[%emt 0:06:07]} Re6 {[%emt 0:00:49]} 34. Rxe6+ {[%emt 0:00:22]} Nxe6 {[%emt 0:00:08] KN-KN} 35. Ke3 {[%emt 0:11:23]} Ke5 {[%emt 0:00:54]} 36. Ne2 {[%emt 0:00:42]} f4+ {[%emt 0:01:33]} 37. gxf4+ {[%emt 0:00:37]} gxf4+ {[%emt 0:00:31]} 38. Kd3 {[%emt 0:00:54]} Ng5 {[%emt 0:09:10]} 39. Ng1 {[%emt 0:00:13]} c5 {[%emt 0:00:09]} 40. a3 {[%emt 0:11:30]} b6 {[%emt 0:03:59]} 41. Kc3 {[%emt 0:00:01]} h5 {[%emt 0:00:00]} 42. Kd3 {[%emt 0:02:07]} Ne6 {[%emt 0:00:00]} 43. Ne2 {[%emt 0:00:09]} Kf5 {[%emt 0:00:00]} 44. Kd2 {[%emt 0:06:04]} Ng5 {[%emt 0:00:00]} 45. Ng1 {[%emt 0:00:05]} Kf6 {[%emt 0:00:00]} 46. Kc3 {[%emt 0:03:12]} Ke6 {[%emt 0:00:00]} 47. Kd2 {[%emt 0:01:06]} Nf7 {[%emt 0:00:00]} 48. Ne2 {[%emt 0:01:45]} Ke5 {[%emt 0:00:00]} 49. Nc3 $2 {[%emt 0:00:36][%mdl 8192] White does not recover from this.} (49. Ke1 $15) 49... Ng5 $19 {[%emt 0:01:33]} 50. Ke2 {[%emt 0:00:06]} Ne6 {[%emt 0:01:48]} 51. Na4 {[%emt 0:01:53]} Nd4+ {[%emt 0:02:04]} 52. Kd3 {[%emt 0:01:27]} (52. Kf2 $142) 52... Nxf3 {[%emt 0:04:06]} 53. Nxb6 {[%emt 0:00:06]} (53. h3 $142 Nd4 54. Nxb6 Nxb3 55. Nd7+ Kf5 56. a4) 53... Nxh2 {[%emt 0:05:32] Threatens to win with ...h4.} 54. Na4 {[%emt 0:09:31]} h4 {[%emt 0:06:58]} (54... Ng4 $142 55. Nxc5 h4) 55. Nxc5 {[%emt 0:00:14]} Ng4 {[%emt 0:00:32] ( -> ...h3)} 56. Ke2 {[%emt 0:00:47]} h3 {[%emt 0:00:30][%cal Bh4h3,Bh3h2][%mdl 32] Black mates.} 57. Kf3 {[%emt 0:01:49] [#]} h2 $1 {[%emt 0:00:21]} 58. Kg2 {[%emt 0:00:08]} (58. Kxg4 h1=Q) 58... f3+ {[%emt 0:00:34][%cal Bf4f3,Bf3f2][%mdl 32]} 59. Kh1 {[%emt 0:00:04]} Kf4 {[%emt 0:00:38]} 60. b4 {[%emt 0:00:23]} f2 {[%emt 0:00:13] Weighted Error Value: White=0.49/Black=0.08 (flawless)} 0-1

[Event "German Bundesliga 2021-22"]
[Site "Germany"]
[Date "2022.04.10"]
[Round "4.2"]
[White "Kryvoruchko, Yuriy"]
[Black "Indjic, Aleksandar"]
[Result "1/2-1/2"]
[WhiteElo "2683"]
[BlackElo "2604"]
[Annotator "TA"]
[PlyCount "78"]
[EventDate "2022.03.05"]
[EventType "team-tourn"]
[EventCountry "GER"]
[SourceTitle "playchess.com"]
[Source "ChessBase"]
[SourceQuality "1"]
[TimeControl "40/5400+30:1800+30"]

{[%evp 18,78,25,26,31,25,18,29,31,8,4,0,0,-6,42,36,26,31,44,52,58,22,26,16,27,19,13,0,0,0,0,0,20,23,40,37,69,69,72,47,64,71,70,71,76,75,86,70,63,54,54,45,53,50,53,20,21,20,20,12,14,0,0]} 1. e4 {[%emt 0:00:30]} c5 {[%emt 0:00:00]} 2. Nf3 {[%emt 0:00:12]} d6 {[%emt 0:00:00]} 3. d4 {[%emt 0:00:00]} cxd4 {[%emt 0:00:00]} 4. Nxd4 {[%emt 0:00:00]} Nf6 {[%emt 0:00:00]} 5. Nc3 {[%emt 0:00:00]} a6 {[%emt 0:00:00]} 6. f3 {[%emt 0:00:00]} e5 {[%emt 0:00:00]} 7. Nb3 {[%emt 0:00:00]} Be6 {[%emt 0:00:00]} 8. Be3 {[%emt 0:00:00]} Be7 {[%emt 0:00:00]} 9. Qd2 {[%emt 0:00:00]} h5 {[%emt 0:00:00]} 10. Be2 {[%emt 0:00:00]} Nbd7 {[%emt 0:00:00] B90: Sicilian Najdorf: Unusual White 6th moves, 6 Be3 Ng4 and 6 Be3 e5.} 11. Nd5 {[%emt 0:00:00]} Bxd5 {[%emt 0:00:00]} 12. exd5 {[%emt 0:00:00]} O-O {[%emt 0:00:00] White has an edge. 12...0-0 has become a bit dusty these days.} 13. Na5 {[%emt 0:01:14] [#]} Qc8 $146 {[%emt 0:02:19]} ({Predecessor:} 13... Qc7 14. c4 e4 15. O-O exf3 16. gxf3 Ne5 17. b4 b6 18. f4 Neg4 19. Nc6 Nxe3 20. Qxe3 {1-0 (32) Wagner,D (2581)-Perez,M (2417) Chess.com INT 2020}) 14. c4 {[%emt 0:09:57]} Bd8 {[%emt 0:00:15]} 15. O-O {[%emt 0:02:55]} Bb6 {[%emt 0:00:13]} (15... e4 $11) 16. Bxb6 $14 {[%emt 0:00:33]} Nxb6 {[%emt 0:00:07]} 17. b4 {[%emt 0:00:05]} Re8 {[%emt 0:01:01]} 18. Rac1 {[%emt 0:03:17]} (18. g4 {looks sharper.} hxg4 19. fxg4 Nxg4 20. Qg5) 18... Nbd7 {[%emt 0:02:23]} 19. Qe3 {[%emt 0:14:51]} Qc7 {[%emt 0:10:21]} 20. Rfd1 {[%emt 0:00:13]} b6 {[%emt 0:09:17]} 21. Nc6 {[%emt 0:11:05]} Nb8 $1 {[%emt 0:02:44]} 22. Nxb8 {[%emt 0:05:47]} Raxb8 {[%emt 0:00:18]} 23. c5 $1 {[%emt 0:09:02]} bxc5 {[%emt 0:01:14]} 24. bxc5 {[%emt 0:00:03]} e4 {[%emt 0:09:38]} 25. Qa3 {[%emt 0:08:26]} ({Don't play} 25. Bxa6 Qa7 26. Bf1 Nd7 $17) 25... dxc5 {[%emt 0:01:53]} 26. d6 {[%emt 0:00:17]} ({Not} 26. Bxa6 $2 Ra8 27. fxe4 Qb6 28. Qxc5 Qxa6 $19) 26... Qb6 {[%emt 0:15:17]} 27. Qxc5 {[%emt 0:05:45]} exf3 {[%emt 0:07:06]} 28. Bxf3 {[%emt 0:01:28] [#] Hoping for Qxb6.} Red8 $1 {[%emt 0:00:11]} 29. a4 {[%emt 0:05:47] 0x0.0018077fbeb9dp-1022s more active pieces.} Qxc5+ {[%emt 0:13:06]} 30. Rxc5 {[%emt 0:00:04]} Rb6 {[%emt 0:00:08]} 31. Bc6 {[%emt 0:09:28]} a5 {[%emt 0:00:08]} 32. d7 {[%emt 0:02:08]} Kf8 $1 {[%emt 0:03:42]} 33. Bb5 {[%emt 0:01:12]} Ke7 {[%emt 0:00:22]} 34. Rc8 $36 {[%emt 0:03:51][%mdl 2048] Black is under pressure.} Re6 {[%emt 0:02:40]} 35. h3 {[%emt 0:00:08]} Ne4 {[%emt 0:06:14]} 36. Rc7 {[%emt 0:05:45]} Nd6 {[%emt 0:01:19] The position is equal.} 37. Bc6 {[%emt 0:00:54]} Re5 {[%emt 0:01:36]} 38. Ra7 {[%emt 0:00:50]} h4 {[%emt 0:06:41]} 39. Bb5 {[%emt 0:02:00]} Nxb5 {[%emt 0:01:30] Weighted Error Value: White=0.06 (flawless) /Black=0.05 (flawless)} 1/2-1/2

[Event "German Bundesliga 2021-22"]
[Site "Germany"]
[Date "2022.04.10"]
[Round "4.2"]
[White "Bluebaum, Matthias"]
[Black "Nagy, Gabor"]
[Result "1-0"]
[WhiteElo "2642"]
[BlackElo "2530"]
[Annotator "TA"]
[PlyCount "85"]
[EventDate "2022.03.05"]
[EventType "team-tourn"]
[EventCountry "GER"]
[SourceTitle "playchess.com"]
[Source "ChessBase"]
[SourceQuality "1"]
[TimeControl "40/5400+30:1800+30"]

{[%evp 19,85,8,26,12,20,14,23,12,22,13,16,16,16,14,17,9,18,20,95,69,69,75,71,56,54,31,29,9,9,13,23,42,51,56,58,51,50,18,26,32,34,0,0,0,20,25,22,24,241,264,572,561,724,656,1117,1087,1068,973,5065,5085,4922,4132,4132,2810,1628,1552,944,884]} 1. d4 {[%emt 0:00:00]} d5 {[%emt 0:00:00]} 2. c4 {[%emt 0:00:00]} e6 {[%emt 0:00:00]} 3. Nc3 {[%emt 0:00:00]} Bb4 {[%emt 0:00:00]} 4. e3 {[%emt 0:00:00]} Nf6 {[%emt 0:00:00]} 5. Nf3 {[%emt 0:00:00]} O-O {[%emt 0:00:00]} 6. Bd2 {[%emt 0:00:00]} b6 {[%emt 0:00:00]} 7. cxd5 {[%emt 0:00:00]} exd5 {[%emt 0:00:00]} 8. Rc1 {[%emt 0:00:00]} a6 {[%emt 0:00:24]} 9. Bd3 {[%emt 0:00:00]} Bb7 {[%emt 0:00:53]} 10. O-O {[%emt 0:00:08]} Bd6 {[%emt 0:02:12]} 11. Ne5 {[%emt 0:00:53] E52: Nimzo-Indian: Rubinstein: 4...0-0 5 Nf3 d5 6 Bd3 b6.} c5 {[%emt 0:03:27]} 12. f4 {[%emt 0:00:34]} Nc6 {[%emt 0:02:37]} 13. Ng4 {[%emt 0:00:42] White has an edge.} Be7 {[%emt 0:01:16]} 14. Nxf6+ {[%emt 0:01:00]} Bxf6 {[%emt 0:00:08]} 15. dxc5 {[%emt 0:00:24]} (15. Qh5 g6 16. Qf3 Nb4 $11) 15... bxc5 {[%emt 0:01:12]} (15... Nb4 16. Bb1 $16) 16. b3 {[%emt 0:00:22]} (16. Qh5 g6 17. Qf3 (17. Qxd5 $2 Bxc3 18. Qxd8 Rfxd8 $19) 17... c4 $15) 16... c4 {[%emt 0:10:53]} 17. bxc4 {[%emt 0:03:30]} Nb4 {[%emt 0:00:38]} 18. Bb1 {[%emt 0:05:18] [#]} d4 $146 {[%emt 0:07:39]} (18... dxc4 $11 {remains equal.} 19. Ne4 Bxe4 20. Bxe4 Nd3) ({Predecessor:} 18... dxc4 19. Ne4 Bxe4 20. Bxe4 c3 21. Bxa8 Qxd2 22. Qxd2 cxd2 23. Rc4 Nxa2 24. Bf3 Rd8 {½-½ (31) Aczel,G (2553)-Kozak,A (2526) Budapest 2021}) 19. Na4 {[%emt 0:14:52]} a5 {[%emt 0:02:55]} 20. Nc5 {[%emt 0:12:16]} Bc6 {[%emt 0:03:44]} 21. a3 {[%emt 0:08:40]} (21. Qh5 g6 22. Qh3 Re8 $11) (21. Bxb4 $5 axb4 22. Qd3 $14) 21... Na6 {[%emt 0:10:52]} 22. Nxa6 {[%emt 0:04:44]} (22. Ne4 $5 {[%cal Rd2a5]} Re8 23. Nxf6+ Qxf6 24. exd4 (24. Bxa5 dxe3 25. Qe2 Nc5 $14) 24... Qxd4+ 25. Rf2 $11) 22... Rxa6 {[%emt 0:00:32]} 23. e4 {[%emt 0:06:09][%cal Be3e4,Be4e5][%mdl 32] With the idea Bd3.} d3 {[%emt 0:03:01]} 24. e5 {[%emt 0:00:03]} Be7 {[%emt 0:00:34] Hoping for ...Bc5+.} 25. Be3 {[%emt 0:01:46] Prevents Bc5. Black must now prevent Rc3.} Bxa3 {[%emt 0:06:28]} 26. Rc3 $40 {[%emt 0:00:13][%mdl 128] Black needs to defend precisely.} (26. Qxd3 $2 Qxd3 27. Bxd3 Bxc1 28. Bxc1 Rd8 $19) 26... Bb4 {[%emt 0:00:09]} 27. Rxd3 {[%emt 0:00:06]} Qe7 {[%emt 0:00:21]} 28. Bf2 {[%emt 0:08:46]} a4 {[%emt 0:01:33]} 29. Qe2 {[%emt 0:03:24]} a3 {[%emt 0:01:43]} 30. Rh3 {[%emt 0:01:15]} (30. f5 $5 {[%cal Rf5f6]} Re8 31. Re3 $14) 30... g6 {[%emt 0:04:27]} 31. f5 {[%emt 0:01:48] And now f6 would win.} Bc5 {[%emt 0:01:19] aiming for ...Rb8.} ({Much less strong is} 31... Qg5 32. Rg3 Qd2 33. Qxd2 Bxd2 34. e6 $16) 32. f6 {[%emt 0:14:10]} Bxf2+ {[%emt 0:00:50]} 33. Rxf2 {[%emt 0:00:00]} Qb4 {[%emt 0:01:55] A mistake that costs the game.} (33... Qc5 $1 $11 {and Black has nothing to worry.}) 34. Ba2 $1 $18 {[%emt 0:00:27] e6 is the strong threat.} Re8 {[%emt 0:02:52]} (34... Rd8 {is more resistant.} 35. e6 Be8) 35. c5 {[%emt 0:02:21] White is clearly winning.} Bb5 {[%emt 0:02:14]} 36. Qe3 {[%emt 0:04:17]} (36. Bxf7+ Kf8 37. Qd1 Rxe5 $19) 36... Rae6 {[%emt 0:00:16]} 37. Rf4 $1 {[%emt 0:04:34]} Qb2 {[%emt 0:03:45]} 38. Bxe6 {[%emt 0:00:07][%cal Oh3h7] White threatens Rxh7! and mate.} Rxe6 {[%emt 0:01:17] [#]} 39. Rxh7 $3 {[%emt 0:00:22][%mdl 512]} Qb1+ {[%emt 0:01:11]} 40. Kf2 {[%emt 0:00:01]} Qb2+ {[%emt 0:00:38]} 41. Kg3 {[%emt 0:36:46]} Qxe5 {[%emt 0:30:11]} 42. Qxe5 {[%emt 0:00:00]} Rxe5 {[%emt 0:00:00] [#]} 43. Rfh4 $1 {[%emt 0:00:00] Weighted Error Value: White=0.06 (flawless) /Black=0.37} 1-0